00325nam a2200109Ia 4500008004100000082002000041100002800061245002600089260003000115630001800145650005200163211118s9999||||xx |||||||||||||| ||und|| a894.8121bKUM-A aKumaranasan, Mahakavi N 0aAsante Padyakrithikal bD c BooksaKottayamc1975 xGeneral Stack aMalayalam LiteraturevMalayalam PoetryGeneralia